| 000 | 00511pam a2200181 a 4500 | ||
|---|---|---|---|
| 020 | _a0471923907 : | ||
| 040 | _cDLC | ||
| 082 | 0 | 0 | _a635 JWI 1990 C152 Or. |
| 245 | 0 | 0 | _aInsect pests of tropical food legumes / |
| 260 |
_aChichester, England ; _aNew York : _bJ. Wiley, _cc1990. |
||
| 300 |
_axvi, 451 p., [16] p. of plates : _bill. (some col.) ; _c24 cm. |
||
| 650 | 0 | _aLegumes | |
| 650 | 0 | _aInsect pests | |
| 650 | 0 | _aLegumes as food | |
| 650 | 0 | _aTropical crops | |
| 700 | 1 | _aSingh, S. R. | |
| 942 | _cAEDBB | ||
| 999 |
_c18758 _d18758 |
||